| 000 | 00614nam a22001817a 4500 | ||
|---|---|---|---|
| 005 | 20170817111419.0 | ||
| 010 | _aENG-119779 | ||
| 020 |
_a9788184655063 _c150.00 |
||
| 035 | _aEN-103311 | ||
| 037 | _bDBAD/PUB | ||
| 082 | _a250 | ||
| 245 |
_aTowards a global, christian movement for eco-justice : _cedited by Shantha Ready Alonso _bYoung voices from North America / |
||
| 260 |
_aDelhi _bISPCK _c2015 |
||
| 270 |
_aPost Box 1585, 1654, Madarsa Road, Kashmere Gate, _bDelhi _e110006 |
||
| 300 |
_axiv,138p. : _c22cm(pbk) _bill. |
||
| 700 | _aAlonso, Shantha Ready | ||
| 942 |
_2ddc _cEN _h250 _mTOW |
||
| 999 |
_c143451 _d143451 |
||